तरनेतर ने रे अमे मेंडे ग्याता/ (Record no. 199008)
[ view plain ]
| 000 -LEADER | |
|---|---|
| fixed length control field | 00784nam a22001817a 4500 |
| 005 - DATE AND TIME OF LATEST TRANSACTION | |
| control field | 20231116103119.0 |
| 010 ## - LCCN (DPL NO) | |
| LC control number | HIN-126281 |
| 020 ## - INTERNATIONAL STANDARD BOOK NUMBER | |
| International Standard Book Number | 9788195239214 |
| Terms of availability | 280.00 |
| 035 ## - SYSTEM CONTROL NUMBER | |
| System control number | HN-98627 |
| 037 ## - SOURCE OF ACQUISITION | |
| Source of stock number/acquisition | DBAD/PUB |
| 082 ## - DEWEY DECIMAL CLASSIFICATION NUMBER | |
| Classification number | क |
| 100 ## - MAIN ENTRY--PERSONAL NAME | |
| Personal name | कुलश्रेष्ठ ,नीलम |
| 245 ## - TITLE STATEMENT | |
| Title | तरनेतर ने रे अमे मेंडे ग्याता/ |
| Statement of responsibility, etc | नीलम कुलश्रेष्ठ |
| 260 ## - PUBLICATION, DISTRIBUTION, ETC. (IMPRINT) | |
| Place of publication, distribution, etc | नई दिल्ली |
| Name of publisher, distributor, etc | वनिका पब्लिकेशन्स |
| Date of publication, distribution, etc | 2021 |
| 270 ## - ADDRESS | |
| Address | एन ए-168 ,गली नं -6, विष्णु गार्डन |
| City | नई दिल्ली |
| Postal code | 110018 |
| 300 ## - PHYSICAL DESCRIPTION | |
| Extent | 136 पृष्ठ |
| Dimensions | 21cm (अजिल्द) |
| 942 ## - ADDED ENTRY ELEMENTS (KOHA) | |
| Item type | Hindi Books |
| Classification part | क |
| Source of classification or shelving scheme | Dewey Decimal Classification |
| Call number suffix | कुलश्रे |
| Withdrawn status | Lost status | Not for loan | Collection code | Home library | Current library | Date acquired | Source of acquisition | Cost, normal purchase price | Full call number | Barcode | Copy number | Cost, replacement price | Koha item type |
|---|---|---|---|---|---|---|---|---|---|---|---|---|---|
| Fiction | Bawana | Bawana | 08/11/2023 | DBAD/PUB | 280.00 | क कुलश्रे | HN-98627 | 1 | 280.00 | Hindi Books |
